1871 1496 1348 1373 1991 1793 1988 1371 1851 1609 1336 1776 1571 1780 1116 1974 1428 1467 1457 1981 1199 1085 1629 1294 1964 1403 1723 1094 1003 1063 1898 1107 1505 1103 1414 1409 1857 1801 1951 1965 1998 1212 1547 1014 1181 1671 1114 1405 1351 1581 1592 1379 1485 1935 1273 1349 1267 1993 1868 1365 1084 1128 1813 1819 1041 1930 1390 1081 1487 1310 1914 1031 1220 1995 1030 1137 1395 1314 1799 1371 1533 1473 1609 1798 1569 1857 1767 1664 1912 1074 1018 1057 1477 1621 1505 1115 1293 1961 1141 BCNSPRNW ULIB Ver.6.0+V

เปลี่ยนเป็นภาษาไทย

Change to English
 แสดงรายละเอียดบรรณานุกรม
  กลับหน้าหลัก

Brief Record : Get Marc (ISO 2709) : E-mail record : QR code < ปิดหน้าต่าง
LEADER : 00000nam 2200000uu 4500
001    13399112309
003     ULIB
008    110627s2550||||th 000 0 tha d
020    9789748290256
090    นว.^bล711P 2550
100 0  ลูกชุบ
245 00 Power land สูตรรักลุ้นหัวใจนายปีศาจ/^cลูกชุบ
250    พิมพ์ครั้งที่ 1
260    กรุงเทพฯ :^bแจ่มใส,^c2550
300    195 หน้า
710 1  แจ่มใส
945    ^p149^l0^i022522
995    ทศพร
999 ^a ใช้งานได้ทุกระบบ
รายการนี้ยังไม่มีแท็ก
คุณยังไม่ได้ล็อกอิน คุณสามารถมีกิจกรรมร่วมกับเว็บไซต์ได้ แต่ต้องล็อกอินก่อน ::
  ล็อกอิน

รายการสื่อสารสนเทศ

ลำดับที่ ประเภท เลขเรียก/บาร์โค้ด สถานที่ สถานะ
- ไม่พบข้อมูล -

รายการใกล้เคียง
    ผู้แต่ง [ลูกชุบ]

BibComment


ยังไม่เคยถูกคอมเมนท์

คอมเมนท์ทรัพยากรรายการนี้
  คอมเมนท์: Power land สูตรรั..


 Copyright 2026. Bcnsprnw @Library